000 00538nmm a2200193Ia 4500
008 251105s9999||||xx |||||||||||||||||und||
020 _a9788433979254
041 _aspa
100 _aRovira, Gemma
245 0 _aCómo se hace una chica
264 _a[Madrid, España] :
_bEditorial Anagrama,
_c2015
300 _a400 páginas
490 _aPanorama de narrativas
650 _aEnglish Narrative
700 _aRovira, Gemma
700 1 _a Moran, Caitlin
856 _uhttps://public.digitaliapublishing.com/a/42279
942 _cCF
999 _c70796
_d70796